000 00314nam a22001337a 4500
008 170204b xxu||||| |||| 00| 0 eng d
020 _a0894435736
041 _aeng
080 _22ND
_a61
100 _a3
101 _aSHM
245 _aA HUIDE FOR EFFECTIVE CLINICAL INSTRUCTION
_cCARPENITO, L.J
942 _2udc
_cBK
999 _c4677
_d4677